| 000 | 01083nam a22001577a 4500 | ||
|---|---|---|---|
| 999 |
_c515387 _d515387 |
||
| 008 | 210125b ||||| |||| 00| 0 eng d | ||
| 100 |
_aLevine, David _923709 |
||
| 245 | _aRadical markets by Eric posner and E glen Weyl: A review essay* | ||
| 260 | _aJournal of Economic Literature | ||
| 300 | _a58(2), Jun, 2020: p.471-487 | ||
| 520 | _aAt a time when standards of living have improved more than any time in history, this book makes a proposal for radical change. It is based—loosely—on market design principles. The plan for attacking overlapping ownership is reasonably well thought out. Most of the book, however, proposes to use mechanisms designed for a narrow purpose; to attack real or imagined problems that they are ill-suited to solve. I conclude that while market design has a lot to offer when properly applied, the proposals here are not sufficiently well thought out to constitute a serious plan of action.- Reproduced | ||
| 650 |
_aMarket design principles _923710 |
||
| 773 | _aJournal of Economic Literature | ||
| 906 | _aMARKET DESIGN | ||
| 942 | _cAR | ||